000 00272nam a22001217a 4500
008 180918b xxu||||| |||| 00| 0 eng d
041 _aeng
080 _a610
100 _a6
101 _aANE
245 _aThe Anesthesia Drugs Handbook
_cSota.O
942 _2udc
_cBK
999 _c47914
_d47914